[Event " "]
[Site "Deauville"]
[Date "18.??.??"]
[Round "9.5"]
[White "Hommeles, Theo"]
[Black "Geenen, Marc"]
[Result "1/2-1/2"]
[WhiteElo "2375"]
[BlackElo "2317"]
[PlyCount "49"]
[EventDate "18.??.??"]
[WhiteTeam "Noyon"]
[BlackTeam "Deauville"]

1. e4 e5 2. Nf3 Nc6 3. Bb5 a6 4. Ba4 Nf6 5. O-O b5 6. Bb3 Bb7 7. c3 Nxe4 8. d4
Na5 9. Bc2 exd4 10. b4 Nc4 11. Re1 d3 12. Qxd3 d5 13. Nd4 Bd6 14. Nf5 O-O 15.
f3 Ne5 16. Qe2 Nf6 17. Nxd6 cxd6 18. Be3 Re8 $11 19. Qf2 Rc8 20. Bd4 Nc6 21.
Rxe8+ Nxe8 22. Bf5 Ra8 23. Be3 d4 24. cxd4 Nxb4 25. Nc3 1/2-1/2

[Event " "]
[Site "Deauville"]
[Date "18.??.??"]
[Round "9.6"]
[White "Godard, Maxence"]
[Black "Clery, Nicolas"]
[Result "1-0"]
[WhiteElo "2310"]
[BlackElo "2324"]
[PlyCount "69"]
[EventDate "18.??.??"]
[WhiteTeam "Deauville"]

1. c4 e6 2. Nf3 c5 3. Nc3 b6 4. g3 Bb7 5. Bg2 Nf6 6. O-O Be7 7. Re1 O-O 8. e4
d6 9. d4 cxd4 10. Nxd4 Qc8 11. Qe2 Re8 12. Be3 Nbd7 13. Rac1 a6 14. Red1 Qc7
15. f3 Rac8 16. Bf1 Qb8 17. a3 Qa8 18. Qf2 Bf8 19. Na4 Qb8 20. b4 g6 21. Nb3 d5
22. exd5 exd5 23. c5 d4 24. Bxd4 Bh6 25. Nxb6 Nxb6 26. cxb6 Rcd8 27. Rc3 Nd5
28. Rcd3 Bc6 29. Bc5 Qe5 30. Bg2 Qb8 31. f4 Ba4 32. Rxd5 Bxb3 33. Rxd8 Rxd8 34.
Rxd8+ Qxd8 35. b7 1-0

[Event " "]
[Site "Deauville"]
[Date "18.??.??"]
[Round "9.7"]
[White "Housieaux, David"]
[Black "Amoyal, Pierre"]
[Result "1-0"]
[WhiteElo "2327"]
[BlackElo "2154"]
[PlyCount "93"]
[EventDate "18.??.??"]
[WhiteTeam "Noyon"]
[BlackTeam "Deauville"]

1. Nf3 Nf6 2. c4 g6 3. Nc3 Bg7 4. e4 d6 5. d4 O-O 6. h3 e5 7. d5 Nbd7 8. Bd3 a5
9. Be3 Qe7 10. Bc2 Nh5 11. g3 Nc5 12. Nd2 Bd7 13. Qe2 Qe8 14. O-O-O a4 15. a3
Ra5 16. Rhg1 Qc8 17. f4 Ra6 18. f5 Re8 19. Rdf1 c6 20. Kb1 cxd5 21. cxd5 b5 22.
Na2 Qc7 23. Rc1 Rc8 24. Bd3 Qb7 25. Nb4 Raa8 26. Ka2 Nxd3 $11 27. Rxc8+ Rxc8
28. Qxd3 gxf5 29. exf5 Nf6 30. g4 Re8 31. g5 e4 32. Qd4 Ng4 33. f6 Nxe3 34.
Qxe3 Bf8 35. Rc1 Re5 36. h4 Rxd5 37. Qxe4 Bf5 38. Qf3 Be6 39. Ka1 Rc5 40. Qf1
Qc8 41. Rd1 Rf5 42. Qd3 Rc5 $11 43. Nb1 Bf5 44. Qd2 Rc4 45. Nc3 Rxh4 46. Nbd5
Qb7 47. Qe1 1-0

[Event " "]
[Site "Deauville"]
[Date "18.??.??"]
[Round "9.8"]
[White "Fruteau, Sabine"]
[Black "Assad, Karine"]
[Result "1/2-1/2"]
[WhiteElo "2159"]
[BlackElo "2048"]
[PlyCount "144"]
[EventDate "18.??.??"]
[WhiteTeam "Deauville"]

1. e4 e5 2. Nf3 Nf6 3. Nxe5 d6 4. Nf3 Nxe4 5. d4 d5 6. Bd3 Be7 7. O-O O-O 8.
Re1 Nd6 9. Bf4 Bg4 10. Nbd2 Nd7 11. Nf1 Nf6 12. Ne3 Bh5 13. Nf5 Nxf5 14. Bxf5
Bg6 15. Bxg6 hxg6 16. Bg5 Re8 17. Ne5 Ne4 18. Bxe7 Rxe7 19. c4 c5 20. cxd5 Qxd5
21. Qf3 cxd4 22. Qxe4 Qxe4 23. Rxe4 f6 24. f4 fxe5 25. fxe5 Rae8 26. Rxd4 Rxe5
27. Rd7 R5e7 28. Rad1 Kh7 29. R1d2 Kh6 30. Rxe7 Rxe7 $11 31. Kf2 Kg5 32. Kf3
Rf7+ 33. Kg3 Re7 34. Rd5+ Kf6 35. Kf3 g5 36. Rd6+ Ke5 37. Rd3 Kf6 38. g4 Re6
39. Rb3 Re7 40. Rb5 Kg6 41. Rd5 Kf6 42. Rd6+ Re6 43. Rd7 Re7 44. Rd8 Re6 45.
Rf8+ Kg6 46. Ra8 Ra6 47. a3 Ra4 48. Rb8 Rf4+ 49. Kg3 Rf7 50. Rd8 Re7 51. Kf3
Kf6 52. Ra8 a6 53. Rd8 Re6 54. Rf8+ Kg6 55. Rb8 Re7 56. b4 Kf6 57. a4 Kf7 58.
Rd8 Kf6 59. a5 Re6 60. Rf8+ Kg6 61. Rd8 Kf6 62. Rd4 Ke7 63. Rd5 Kf6 64. Rd7 Re7
65. Rd8 Re6 66. Rh8 Re5 67. Rf8+ Kg6 68. Rd8 Kf6 69. Rd6+ Re6 70. Rd7 Re7 71.
Rd6+ Re6 72. Rd7 Re7 1/2-1/2

[Event " "]
[Site "Deauville"]
[Date "18.??.??"]
[Round "9.1"]
[White "Dumitrache, Dragos-Nicolae"]
[Black "Winants, Luc"]
[Result "1/2-1/2"]
[WhiteElo "2455"]
[BlackElo "2516"]
[PlyCount "42"]
[EventDate "18.??.??"]
[WhiteTeam "Guingamp"]
[BlackTeam "Cappelle la Grande"]

1. d4 Nf6 2. c4 e6 3. Nf3 Bb4+ 4. Bd2 a5 5. g3 d6 6. Bg2 Nbd7 7. O-O e5 8. Bc3
exd4 9. Bxd4 O-O 10. a3 Bc5 11. Nc3 Re8 12. Na4 Bxd4 13. Nxd4 Ne5 14. Qc2 c6
15. Rad1 Qc7 16. h3 Bd7 17. Rd2 Rad8 18. Rfd1 h5 19. b3 Ng6 20. e3 Re5 21. Nc3
Bc8 1/2-1/2

[Event " "]
[Site "Deauville"]
[Date "18.??.??"]
[Round "9.2"]
[White "Carlier, Bruno"]
[Black "Le Roux, Jean-Pierre"]
[Result "0-1"]
[WhiteElo "2430"]
[BlackElo "2486"]
[PlyCount "82"]
[EventDate "18.??.??"]
[WhiteTeam "Cappelle la Grande"]

1. Nf3 d6 2. d4 Nf6 3. Nc3 g6 4. g3 Bg7 5. Bg2 O-O 6. O-O Nbd7 7. a4 e5 8. dxe5
dxe5 9. a5 Qe7 10. e4 Rd8 11. Qe2 Nc5 12. Bg5 c6 13. Rfd1 Ne6 14. Rxd8+ Qxd8
15. Qc4 Nxg5 16. Nxg5 Qe7 17. a6 h6 18. Nf3 Be6 19. Qe2 Qb4 20. Nxe5 Qxb2 21.
Qe1 bxa6 22. Rb1 Qa3 23. Nxc6 Re8 24. Qd2 Ng4 25. Nd4 Bc4 26. Bh3 Ne5 27. Nd5
h5 28. c3 h4 29. g4 Bxd5 30. exd5 Nc4 31. Qd3 Nd6 32. Rd1 Qc5 33. Qxa6 Qxc3 34.
Nf3 Qc5 35. Nxh4 Rb8 36. Qc6 Qb4 37. Nf3 a5 38. Nd2 Bd4 39. Rb1 Qxd2 40. Rxb8+
Kg7 41. Kh1 Qe1+ 0-1

[Event " "]
[Site "Deauville"]
[Date "18.??.??"]
[Round "9.3"]
[White "Terrieux, Kevin"]
[Black "Jossien, Arnaud"]
[Result "1/2-1/2"]
[WhiteElo "2332"]
[BlackElo "2327"]
[PlyCount "86"]
[EventDate "18.??.??"]
[WhiteTeam "Guingamp"]
[BlackTeam "Cappelle la Grande"]

1. d4 d6 2. c4 e5 3. Nc3 exd4 4. Qxd4 Nf6 5. Bg5 Be7 6. e4 Nc6 7. Qd2 Be6 8. b3
O-O 9. Bd3 a5 10. Nge2 Nb4 11. Bb1 c6 12. O-O d5 13. e5 Ng4 14. Bxe7 Qxe7 15.
a3 dxc4 16. axb4 axb4 17. Rxa8 Rxa8 18. Ne4 Nxe5 19. bxc4 Nxc4 20. Qc2 Rd8 21.
Nd2 Qh4 22. Nf3 Qh6 23. Qe4 Bd5 24. Qe7 Qd6 25. Qh4 h6 26. Rd1 Re8 27. Ng3 Qe7
28. Qg4 Bxf3 29. Qxf3 Qe1+ 30. Rxe1 Rxe1+ 31. Nf1 Rxf1+ 32. Kxf1 Nd2+ 33. Ke2
Nxf3 34. Kxf3 Kf8 35. Ke4 Ke7 36. Kd4 Kd6 37. Kc4 c5 38. f4 g5 39. g3 gxf4 40.
gxf4 b5+ 41. Kxb5 Kd5 42. Ba2+ Ke4 43. Bxf7 Kxf4 1/2-1/2

[Event " "]
[Site "Deauville"]
[Date "18.??.??"]
[Round "9.4"]
[White "Platel, Alexandre"]
[Black "Bodenez, Vincent"]
[Result "1/2-1/2"]
[WhiteElo "2194"]
[BlackElo "2200"]
[PlyCount "113"]
[EventDate "18.??.??"]
[WhiteTeam "Cappelle la Grande"]

1. e4 c5 2. Nf3 d6 3. Bb5+ Nc6 4. O-O Bd7 5. Re1 Nf6 6. c3 a6 7. Bf1 Bg4 8. h3
Bh5 9. d3 e6 10. Bf4 Be7 11. Nbd2 O-O 12. Bh2 b5 13. g4 Bg6 14. Nh4 Nd7 15.
Nxg6 hxg6 16. f4 Rb8 17. Bg2 Qb6 18. Kh1 e5 19. Nf1 Bh4 20. Re2 b4 21. Ne3 Qd8
22. Qa4 Qc8 23. Rf1 a5 24. f5 Nb6 25. Qd1 Bg5 26. fxg6 fxg6 27. Nd5 Nxd5 28.
exd5 Ne7 29. d4 bxc3 30. bxc3 cxd4 31. cxd4 Rxf1+ 32. Qxf1 Qc4 33. dxe5 Nxd5
34. exd6 Ne3 35. Rxe3 Qxf1+ 36. Bxf1 Bxe3 37. d7 Rd8 38. Bc4+ Kh7 39. Bb5 Bb6
40. Bd6 Rh8 41. g5 Ra8 42. a4 Bd8 43. Kg2 Bxg5 44. Kf3 Bd8 45. Ke4 g5 46. Kd5
Kg6 47. Kc6 Bf6 48. Be2 Kf7 49. Bc4+ Kg6 50. Be2 Kf7 51. Kb7 Rh8 52. Bg4 Be7
53. Bc7 Bd8 54. Be5 Bf6 55. Bd6 Be7 56. Bg3 Bf6 57. Bc7 1/2-1/2

[Event " "]
[Site "Deauville"]
[Date "18.??.??"]
[Round "9.5"]
[White "Alanic, Mickael"]
[Black "Jossien, Remy"]
[Result "1-0"]
[WhiteElo "2230"]
[BlackElo "2276"]
[PlyCount "177"]
[EventDate "18.??.??"]
[WhiteTeam "Guingamp"]
[BlackTeam "Cappelle la Grande"]

1. e4 d6 2. d4 g6 3. Be3 Bg7 4. Nc3 a6 5. f3 Nd7 6. h4 h6 7. Nge2 b5 8. d5 e5
9. a4 bxa4 10. Nxa4 f5 11. c4 fxe4 12. fxe4 Ndf6 13. Nec3 Nh5 14. Bf2 Ngf6 15.
Be2 O-O 16. g3 Rf7 17. b3 Qf8 18. Rh2 Nh7 19. c5 Bb7 20. Bg4 Bc8 21. Be6 Bxe6
22. dxe6 Rf3 23. Nd5 Nxg3 24. Ne7+ Qxe7 25. Qxf3 Nh5 26. cxd6 cxd6 27. Nb6 Rf8
28. Qd3 Nf4 29. Qxa6 Qxe6 30. Qc4 Nf6 31. Qxe6+ Nxe6 32. Be3 Nxe4 33. Rg2 Nf4
34. Bxf4 exf4 35. Ra8 f3 36. Rxf8+ Kxf8 37. Rg4 Bc3+ 38. Kf1 Nd2+ 39. Kf2 Nxb3
40. Rxg6 Bd4+ 41. Kxf3 Bxb6 42. Rxd6 Ba5 43. Rxh6 Kg7 44. Ra6 Bd2 45. Rd6 Bc1
46. Kg4 Nd2 47. Rc6 Ba3 48. h5 Ne4 49. h6+ Kh7 50. Re6 Nd6 51. Kh5 Nf5 52. Ra6
Bb4 53. Ra7+ Ne7 54. Rb7 Ba3 55. Rb3 Bd6 56. Rf3 Kg8 57. Rf2 Be5 58. Rg2+ Kh7
59. Re2 Bd6 60. Rf2 Kg8 61. Kg5 Bc5 62. Rf3 Bb4 63. Rb3 Bc5 64. Kh5 Kh7 65. Rf3
Kg8 66. Rg3+ Kh8 67. Rg7 Bb4 68. Rf7 Kg8 69. h7+ Kh8 70. Kg5 Ba3 71. Kf6 Bb4
72. Ke6 Ba3 73. Rf3 Bb4 74. Kf7 Bc5 75. Rc3 Bd6 76. Rd3 Bc5 77. Rb3 Nf5 78. Rf3
Ne7 79. Rh3 Nc6 80. Ke6 Ne7 81. Rh5 Bb4 82. Kf7 Nc6 83. Rd5 Ba3 84. Rb5 Bc1 85.
Rc5 Nd8+ 86. Kg6 Ba3 87. Re5 Ne6 88. Rxe6 Bf8 89. Re4 1-0

[Event " "]
[Site "Deauville"]
[Date "18.??.??"]
[Round "9.6"]
[White "Couche, Didier"]
[Black "Alanic, Xavier"]
[Result "1/2-1/2"]
[WhiteElo "2111"]
[BlackElo "2244"]
[PlyCount "112"]
[EventDate "18.??.??"]
[WhiteTeam "Cappelle la Grande"]

1. d4 Nf6 2. c4 e6 3. Nf3 d5 4. Bg5 Be7 5. Nc3 O-O 6. e3 Nbd7 7. Rc1 Re8 8. Bd3
a6 9. cxd5 exd5 10. O-O c6 11. Qc2 g6 12. Rb1 Nf8 13. Rfe1 Ne6 14. Bh4 Ng7 15.
Ne2 Bf5 16. Nf4 Ne4 17. Bxe7 Qxe7 18. Rf1 Rad8 19. Ne2 Rd6 20. Ng3 Nxg3 21.
hxg3 Be4 22. Bxe4 dxe4 23. Nd2 g5 24. Qc5 Ne6 25. Qb4 c5 26. Qa3 cxd4 27. Nxe4
Rdd8 28. Qxe7 Rxe7 29. exd4 Rxd4 30. Rfe1 Rc7 31. Nf6+ Kf8 32. Re2 h6 33. f3
Rd3 34. Rbe1 Rc8 35. Ng4 Kg7 36. Ne3 Nd4 37. Rf2 Rc6 38. Ng4 f6 39. Ne3 Rc5 40.
Nf1 Kf7 41. g4 a5 42. Ng3 a4 43. Ne4 Rc6 44. Nc3 a3 45. Ne4 b6 46. bxa3 Nb5 47.
a4 Nc3 48. Nxc3 Rdxc3 49. Rb2 Ra3 50. Reb1 Rxa4 51. Rxb6 Rxb6 $11 52. Rxb6 Rxa2
53. Kh2 Rc2 54. Rb7+ Kg6 55. Rb6 Re2 56. Kg3 Rd2 1/2-1/2

[Event " "]
[Site "Deauville"]
[Date "18.??.??"]
[Round "9.7"]
[White "Gicquel, Frederic"]
[Black "Gouvart, Stephane"]
[Result "0-1"]
[WhiteElo "2237"]
[BlackElo "1980"]
[PlyCount "72"]
[EventDate "18.??.??"]
[WhiteTeam "Guingamp"]
[BlackTeam "Cappelle la Grande"]

1. e4 e5 2. d4 exd4 3. Qxd4 Nc6 4. Qe3 Be7 5. Nc3 d6 6. Bd2 Nf6 7. O-O-O O-O 8.
f4 Re8 9. Qg3 Bf8 10. Bd3 Nb4 11. Nf3 Nxd3+ 12. cxd3 b5 13. f5 b4 14. Ne2 Ba6
15. Nf4 b3 16. a3 c5 17. Bc3 c4 18. Nd2 Rc8 19. dxc4 Nxe4 20. Nxe4 Rxe4 21. Nh5
Rexc4 22. Kb1 Qh4 23. Qf3 d5 24. g3 Qe4+ 25. Qxe4 dxe4 26. Rd7 R4c7 27. Rxc7
Rxc7 28. f6 Bd3+ 29. Kc1 Bxa3 30. Kd2 Bxb2 31. Bxb2 Rc2+ 32. Ke3 Rxb2 33. Ra1
a6 34. Ra4 gxf6 35. Rd4 Re2+ 36. Kf4 Kf8 0-1

[Event " "]
[Site "Deauville"]
[Date "18.??.??"]
[Round "9.8"]
[White "Husson, Cybele"]
[Black "Le Diouron, Aurelie"]
[Result "1-0"]
[WhiteElo "2056"]
[BlackElo "2021"]
[PlyCount "95"]
[EventDate "18.??.??"]
[WhiteTeam "Cappelle la Grande"]

1. e4 e5 2. Nf3 Nc6 3. d4 exd4 4. Nxd4 Bc5 5. Be3 Qf6 6. c3 Nge7 7. Bc4 Bb6 8.
O-O O-O 9. f4 d6 10. Nc2 Be6 11. Nba3 Rad8 12. Bxe6 Qxe6 13. Bxb6 axb6 14. Qf3
f5 15. Rfe1 Ng6 16. g3 Rde8 17. exf5 Qxf5 18. Ne3 Qd7 19. Re2 Kh8 20. Qh5 Nce7
21. Rae1 Ng8 22. Nd5 Rxe2 23. Qxe2 Qc6 24. c4 Nh6 25. Ne7 Qc5+ 26. Qe3 Qh5 27.
Qe4 Nxe7 28. Qxe7 Qc5+ 29. Kg2 Rg8 30. Qe6 c6 31. Qe3 Qb4 32. Re2 Nf5 33. Qd3
Qc5 34. Nc2 b5 35. cxb5 cxb5 36. b4 Qc4 37. Qe4 Qc6 38. Kf1 h6 39. Qxf5 Qh1+
40. Kf2 Qxh2+ 41. Kf3 Qh1+ 42. Kg4 Qd1 43. Qe6 Rf8 44. Qe3 Qh1 45. Qe7 h5+ 46.
Kg5 Rg8 47. Qf7 g6 48. Re7 1-0

[Event " "]
[Site "Deauville"]
[Date "18.??.??"]
[Round "9.1"]
[White "Grigorov, Grigor"]
[Black "Gharamian, Tigran"]
[Result "1-0"]
[WhiteElo "2426"]
[BlackElo "2477"]
[PlyCount "109"]
[EventDate "18.??.??"]
[WhiteTeam "C.E. Nantes"]
[BlackTeam "Lille"]

1. d4 Nf6 2. c4 e6 3. Nc3 Bb4 4. Qc2 O-O 5. a3 Bxc3+ 6. Qxc3 b6 7. Bg5 Bb7 8.
e3 d6 9. Ne2 Nbd7 10. Qd3 Ba6 11. Nc3 d5 12. Qc2 Bxc4 13. Bxc4 dxc4 14. Qa4 c5
15. Rd1 Qc8 16. O-O cxd4 17. Rxd4 Qc5 18. Bh4 Qh5 19. Bxf6 Nxf6 20. Qxc4 Qa5
21. Rfd1 h6 $11 22. Qc7 Rac8 23. Qb7 Rb8 24. Qf3 b5 25. Qf4 Rfe8 26. Qe5 a6 27.
h3 Qb6 28. e4 Red8 29. Rd6 Rxd6 30. Rxd6 Qc7 31. Rxe6 Qxe5 32. Rxe5 b4 33. Nd5
bxa3 34. bxa3 Nd7 35. Re7 Nc5 36. f3 Rb3 37. Rc7 Na4 38. Rc6 a5 39. Ra6 Rb5 40.
Ra8+ Kh7 41. Ra7 f5 42. Nf6+ Kg6 43. Ne8 Rb1+ 44. Kh2 fxe4 45. fxe4 h5 46.
Rxg7+ Kh6 47. Ra7 Nc5 48. Nd6 a4 49. e5 Kg6 50. Rc7 Ne6 51. Rc4 Re1 52. Ne4 Kf5
53. Ng3+ Kg5 54. Rxa4 h4 55. Rg4+ 1-0

[Event " "]
[Site "Deauville"]
[Date "18.??.??"]
[Round "9.2"]
[White "Froeyman, Helmut"]
[Black "Petkov, Vladimir"]
[Result "0-1"]
[WhiteElo "2247"]
[BlackElo "2441"]
[PlyCount "86"]
[EventDate "18.??.??"]
[WhiteTeam "Lille"]

1. e4 e5 2. Nf3 Nc6 3. Bb5 Nf6 4. O-O Nxe4 5. d4 Nd6 6. Bxc6 dxc6 7. dxe5 Nf5
8. Qxd8+ Kxd8 9. Nc3 Ne7 10. Re1 h6 11. h3 Ng6 12. Ne4 Bd7 13. Bd2 Kc8 14. b4
Be7 15. a4 a5 16. bxa5 Rd8 17. Rab1 c5 18. Ra1 Ra6 19. Kh2 Re6 20. Be3 Nxe5 21.
Bxc5 Nxf3+ 22. gxf3 Re8 23. Bd4 f5 24. Ng3 g6 25. Reb1 Ra6 26. Bc3 Rc6 27. Bb4
Rxc2 28. Bxe7 Rxe7 29. Kg2 Rc5 30. a6 bxa6 31. Rb4 a5 32. Rd4 Bc6 33. Ra3 Rd7
34. Rh4 h5 35. Rf4 Rd2 36. Nf1 Rb2 37. Ne3 Rb4 38. Rxb4 axb4 39. Rb3 f4 40. Nf1
Rc3 41. Rxb4 Rxf3 42. Kg1 Rxh3 43. Nh2 g5 0-1

[Event " "]
[Site "Deauville"]
[Date "18.??.??"]
[Round "9.3"]
[White "Gerard, Nicolas"]
[Black "Bouhallel, Rabah"]
[Result "1/2-1/2"]
[WhiteElo "2307"]
[BlackElo "2329"]
[PlyCount "104"]
[EventDate "18.??.??"]
[WhiteTeam "C.E. Nantes"]
[BlackTeam "Lille"]

1. d4 e6 2. e4 d5 3. exd5 exd5 4. c4 Nf6 5. Nc3 Bb4 6. Nf3 O-O 7. Be2 dxc4 8.
O-O Nc6 9. h3 Na5 10. Bg5 c6 11. Qc2 Be7 12. Rfd1 Nd5 13. Qd2 f6 14. Be3 Bb4
15. Qc2 Re8 16. Bd2 Bxc3 17. Bxc3 Nxc3 18. bxc3 Be6 19. Re1 b5 20. Nd2 Bd5 21.
Bh5 Re7 22. Ne4 Nb7 23. Re3 f5 24. Ng3 Rxe3 25. fxe3 g6 26. Bf3 Qg5 27. e4 Bf7
28. Kh2 fxe4 29. Nxe4 Qe7 30. Rf1 Nd6 31. Nf2 Nf5 32. Ng4 Qd6+ 33. Kg1 Re8 34.
Qd2 h5 35. Nh6+ Nxh6 36. Qxh6 Re6 37. Qg5 b4 38. d5 Re5 39. Qf4 g5 40. Qxc4
bxc3 41. Qxc3 cxd5 42. Qd4 a6 43. Rc1 Qf6 44. Rf1 Qe6 45. Kf2 Qf6 46. Kg1 Rf5
47. Rd1 Kg7 48. Kf2 Qxd4+ 49. Rxd4 Kf6 50. Ra4 Ke5 51. Ke3 Rf6 52. Be2 h4
1/2-1/2

[Event " "]
[Site "Deauville"]
[Date "18.??.??"]
[Round "9.4"]
[White "Cappon, John"]
[Black "Delaunay, Sebastien"]
[Result "1/2-1/2"]
[WhiteElo "2224"]
[BlackElo "2344"]
[PlyCount "28"]
[EventDate "18.??.??"]
[WhiteTeam "Lille"]

1. e4 c6 2. d4 d5 3. Nd2 dxe4 4. Nxe4 Nd7 5. Ng5 Ngf6 6. Bd3 e6 7. N1f3 Bd6 8.
Qe2 h6 9. Ne4 Nxe4 10. Bxe4 Nf6 11. Bd3 Qc7 12. Bd2 b6 13. Ne5 Bb7 14. f4 O-O-O
1/2-1/2

[Event " "]
[Site "Deauville"]
[Date "18.??.??"]
[Round "9.5"]
[White "Rihouay, Clement"]
[Black "Julve, Philippe"]
[Result "1-0"]
[WhiteElo "2192"]
[BlackElo "2236"]
[PlyCount "77"]
[EventDate "18.??.??"]
[WhiteTeam "C.E. Nantes"]
[BlackTeam "Lille"]

1. e4 c5 2. Nf3 d6 3. d4 cxd4 4. Nxd4 Nf6 5. Nc3 g6 6. Be3 Bg7 7. f3 Nc6 8. Qd2
O-O 9. Bc4 Bd7 10. O-O-O Qc7 11. Bb3 Rfc8 12. h4 Ne5 13. Bh6 Bh8 14. h5 Nc4 15.
hxg6 fxg6 16. Rh4 e6 17. Bxc4 Qxc4 18. e5 dxe5 19. Nf5 Qc5 20. Nd6 Rc7 21. Nde4
Nxe4 22. Nxe4 Qd5 23. Qg5 Qxa2 24. Nf6+ Kf7 25. Rxd7+ Rxd7 26. Nxd7 Qa1+ 27.
Kd2 Qa5+ 28. Ke3 Rd8 29. Kf2 Rxd7 30. Rf4+ exf4 31. Qxa5 Bd4+ 32. Ke1 e5 33. c3
Bb6 34. Qb5 Ke6 35. Bg5 Be3 36. Bf6 Rd5 37. Qxb7 Bc5 38. b4 Rd3 39. Qc6+ 1-0

[Event " "]
[Site "Deauville"]
[Date "18.??.??"]
[Round "9.6"]
[White "Lacrosse, Marc"]
[Black "Grill, Marc"]
[Result "0-1"]
[WhiteElo "2294"]
[BlackElo "2154"]
[PlyCount "76"]
[EventDate "18.??.??"]
[WhiteTeam "Lille"]

1. d4 Nf6 2. c4 e6 3. Nf3 Bb4+ 4. Bd2 Qe7 5. g3 Nc6 6. Nc3 Bxc3 7. Bxc3 Ne4 8.
Rc1 Nxc3 9. Rxc3 O-O 10. Bg2 d6 11. O-O a5 12. d5 Nb8 13. Qc2 Na6 14. a3 e5 15.
Nd2 Bd7 16. b3 c6 17. e4 Rfc8 18. f4 f6 19. Re1 Qd8 20. dxc6 bxc6 21. Rd1 Qe7
22. Nf3 Bg4 23. Rcd3 exf4 24. Rxd6 fxg3 25. hxg3 Nc5 26. R6d4 Rab8 27. Rb1 Bxf3
28. Bxf3 Qe5 29. Qf2 Nxb3 30. Rdd1 Nc5 31. Kg2 Rxb1 32. Rxb1 Rd8 33. Qe3 Rd3
34. Qf4 Qxf4 35. gxf4 Rxa3 36. e5 Nd3 37. exf6 gxf6 38. Rb6 Ne1+ 0-1

[Event " "]
[Site "Deauville"]
[Date "18.??.??"]
[Round "9.7"]
[White "Marchadour, Claire"]
[Black "Vallet, Marc"]
[Result "1/2-1/2"]
[WhiteElo "2058"]
[BlackElo "2190"]
[PlyCount "112"]
[EventDate "18.??.??"]
[WhiteTeam "C.E. Nantes"]
[BlackTeam "Lille"]

1. e4 c5 2. Nf3 Nc6 3. d4 cxd4 4. Nxd4 Nf6 5. Nc3 e5 6. Ndb5 d6 7. Bg5 a6 8.
Na3 b5 9. Nd5 Be7 10. Bxf6 Bxf6 11. c4 b4 12. Nc2 Rb8 13. b3 Bg5 14. Be2 O-O
15. O-O a5 16. Bg4 Be6 17. Nde3 Qe7 18. g3 Rfd8 19. h4 Bh6 20. Nf5 Bxf5 21.
Bxf5 g6 22. Bh3 Qa7 23. Qe2 Rb6 24. Rfd1 $11 Ra6 25. Bf1 a4 26. c5 axb3 27.
Qxa6 Qxa6 28. Bxa6 bxc2 29. Rdc1 Bxc1 30. Rxc1 Nd4 31. c6 Rc8 32. Rxc2 Rxc6 33.
Rxc6 Nxc6 34. Bc4 Kf8 35. Kf1 Nd4 36. Ke1 f5 37. exf5 gxf5 38. Kd2 Ke7 39. Kd3
Kd7 40. Bd5 h6 41. Kc4 Nc6 42. Bxc6+ Kxc6 43. Kxb4 d5 44. h5 e4 45. Kc3 Kc5 46.
a4 d4+ 47. Kb3 Kd5 48. a5 Kc5 49. a6 Kb6 50. Kc4 d3 51. Kc3 Kxa6 52. f3 exf3
53. Kxd3 Kb5 54. Ke3 f2 55. Kxf2 Kc4 56. Kf3 Kd5 1/2-1/2

[Event " "]
[Site "Deauville"]
[Date "18.??.??"]
[Round "9.8"]
[White "Swiercz, Sandra"]
[Black "Rabhi, Chamss-Eddine"]
[Result "0-1"]
[WhiteElo "1940"]
[BlackElo "2069"]
[PlyCount "64"]
[EventDate "18.??.??"]
[WhiteTeam "Lille"]

1. e4 e6 2. d4 d5 3. Nd2 dxe4 4. Nxe4 Nd7 5. Nf3 Ngf6 6. Nxf6+ Nxf6 7. Ne5 Bd6
8. Be2 O-O 9. O-O c5 10. f4 Qc7 11. Nc4 cxd4 12. c3 d3 13. Bxd3 Bc5+ 14. Be3 b5
15. Bxc5 Qxc5+ 16. Kh1 bxc4 17. Be2 Bb7 18. Qc2 Rad8 19. Rae1 Be4 20. Qc1 Rd5
21. Bf3 Bxf3 22. Rxf3 Rfd8 23. h3 Rd3 24. Ref1 Qd5 25. Kh2 Rxf3 26. Rxf3 Qd2
27. Qb1 Rd3 28. Rf1 h5 29. b3 Rxc3 30. bxc4 Rc2 31. Rg1 Qxf4+ 32. Kh1 Ne4 0-1

[Event " "]
[Site "Migné-Auxances"]
[Date "18.??.??"]
[Round "9.1"]
[White "Solodovnichenko, Yuri"]
[Black "Roser, Kevin"]
[Result "1-0"]
[WhiteElo "2585"]
[BlackElo "2400"]
[PlyCount "97"]
[EventDate "18.??.??"]
[WhiteTeam "Niort"]
[BlackTeam "Issy les Moulineaux"]

1. e4 c5 2. Nf3 Nc6 3. d4 cxd4 4. Nxd4 Nf6 5. Nc3 d6 6. Bg5 e6 7. Qd2 Be7 8.
O-O-O Nxd4 9. Qxd4 O-O 10. f3 a6 11. h4 b5 12. Qd2 Qc7 13. Ne2 Rd8 14. Kb1 b4
15. Qxb4 Rb8 16. Qc3 Qb7 17. Nd4 Bd7 18. Qb3 Qa7 19. Qa3 e5 20. Nb3 Bb5 21.
Bxf6 gxf6 22. Bxb5 Rxb5 23. Rd5 Rxd5 24. exd5 Qf2 25. Qxa6 Qxg2 26. Rf1 f5 27.
h5 Bg5 28. Qd3 Be3 29. Na5 f4 30. Nc4 Ba7 31. Rd1 Qg5 32. Na5 Be3 33. Nb7 Rd7
34. Qb5 Qe7 35. Na5 f5 36. Nc6 Qe8 37. h6 Kf7 38. a4 e4 39. Qf1 exf3 40. Qxf3
Kf6 41. Qe2 Qe4 42. Qa6 Qf3 43. Qd3 Qe4 44. Qc3+ Kg6 45. Qh8 Kxh6 46. Qg8 Rg7
47. Qf8 Bc5 48. Nd8 Qe5 49. Nf7+ 1-0

[Event " "]
[Site "Migné-Auxances"]
[Date "18.??.??"]
[Round "9.2"]
[White "Houhou, Olivier"]
[Black "Stets, Dmitry"]
[Result "1/2-1/2"]
[WhiteElo "2286"]
[BlackElo "2378"]
[PlyCount "89"]
[EventDate "18.??.??"]
[WhiteTeam "Issy les Moulineaux"]

1. e4 c5 2. Nf3 d6 3. d4 cxd4 4. Qxd4 Nc6 5. Bb5 Bd7 6. Bxc6 Bxc6 7. Nc3 Nf6 8.
Bg5 e6 9. O-O-O Be7 10. Rhe1 O-O 11. Kb1 Rc8 12. Qd2 b5 13. Bxf6 Bxf6 14. Qxd6
Qb6 15. e5 Rfd8 16. Qb4 a5 17. Qf4 Rxd1+ 18. Rxd1 Bxf3 19. gxf3 Qc7 20. Rd6 Be7
21. Rd2 Bb4 22. Rd3 h6 23. Qe3 Qc4 24. a3 Be7 25. Qe4 Qc7 26. Rd2 Rb8 27. a4
Bb4 28. Rd3 Bxc3 29. Rxc3 Qb6 30. axb5 Qxb5 31. Rb3 Qf1+ 32. Ka2 Rd8 33. Rd3
Rxd3 34. Qxd3 Qxf2 35. c4 Qc5 36. f4 g5 37. fxg5 hxg5 38. Qd8+ Kh7 39. Qxg5
Qxc4+ 40. Ka1 Qf1+ 41. Ka2 Qc4+ 42. Ka1 Qa4+ 43. Kb1 Qd1+ 44. Ka2 Qa4+ 45. Kb1
1/2-1/2

[Event " "]
[Site "Migné-Auxances"]
[Date "18.??.??"]
[Round "9.3"]
[White "David, Vincent"]
[Black "Emmenecker, Philippe"]
[Result "1-0"]
[WhiteElo "2373"]
[BlackElo "2198"]
[PlyCount "55"]
[EventDate "18.??.??"]
[WhiteTeam "Niort"]
[BlackTeam "Issy les Moulineaux"]

1. d4 Nf6 2. c4 c5 3. Nf3 cxd4 4. Nxd4 e5 5. Nb5 d5 6. cxd5 Bc5 7. N5c3 O-O 8.
g3 b5 9. Bg2 Qb6 10. O-O Bb7 11. Na3 a6 12. Nc2 Rd8 13. Be3 Nc6 14. Bxc5 Qxc5
15. Rc1 Ne7 16. e4 Rac8 17. Qe2 Qd6 18. Ne3 Rc5 19. a4 Rdc8 20. Bh3 R8c7 21.
axb5 Rxc3 22. Rxc3 Rxc3 23. bxc3 Nxe4 24. c4 axb5 25. Qb2 Ba6 26. Bg2 Nc5 27.
cxb5 Bb7 28. Nc4 1-0

[Event " "]
[Site "Migné-Auxances"]
[Date "18.??.??"]
[Round "9.4"]
[White "Aveline, Philippe"]
[Black "Demuth, Adrien"]
[Result "1/2-1/2"]
[WhiteElo "2155"]
[BlackElo "2165"]
[PlyCount "41"]
[EventDate "18.??.??"]
[WhiteTeam "Issy les Moulineaux"]

1. e4 e5 2. f4 d5 3. exd5 exf4 4. Nf3 Nf6 5. Be2 Bd6 6. c4 c6 7. d4 Bc7 8. Ne5
cxd5 9. Bxf4 O-O 10. c5 Nc6 11. Nc3 Qe8 12. Bb5 Nd7 13. O-O Ndxe5 14. Nxd5 Qd8
15. Nxc7 Qxc7 16. Bxc6 Qxc6 17. Bxe5 Be6 18. b4 f6 19. Bd6 Rfe8 20. Re1 Bd5 21.
Qd2 1/2-1/2

[Event " "]
[Site "Migné-Auxances"]
[Date "18.??.??"]
[Round "9.5"]
[White "Lagarde, Maxime"]
[Black "Geffroy, Laurent"]
[Result "0-1"]
[WhiteElo "2169"]
[BlackElo "2239"]
[PlyCount "84"]
[EventDate "18.??.??"]
[WhiteTeam "Niort"]
[BlackTeam "Issy les Moulineaux"]

1. e4 e6 2. d4 d5 3. Nc3 Nf6 4. e5 Nfd7 5. f4 c5 6. Nf3 a6 7. Be3 Qb6 8. a3 Nc6
9. Na4 Qa5+ 10. c3 cxd4 11. b4 Qc7 12. Nxd4 b5 13. Nb2 Nb6 14. Bd3 Nxd4 15.
Bxd4 Nc4 16. Qe2 Be7 17. O-O f5 18. exf6 Bxf6 19. Bxf6 gxf6 20. Nxc4 bxc4 21.
Bc2 O-O 22. Rf3 Rf7 23. Rg3+ Kh8 24. Rf1 Bd7 25. Qh5 Raf8 26. Qh6 Qd8 27. Rff3
d4 28. cxd4 Bc6 29. Rf2 Rg8 30. f5 exf5 31. Qf4 Rxg3 32. hxg3 Be4 33. Bxe4 fxe4
34. Qxe4 Qd6 35. Rf4 c3 36. Qc2 Rc7 37. Kf2 Qe6 38. Re4 Qxe4 39. Qxe4 c2 40.
Qf4 c1=Q 41. Qxf6+ Kg8 42. Qd8+ Kg7 0-1